The new strong-willed child : (Record no. 4746)
[ view plain ]
| 000 -LEADER | |
|---|---|
| fixed length control field | 01832cam a22003974a 4500 |
| 001 - CONTROL NUMBER | |
| control field | 54774933 |
| 003 - CONTROL NUMBER IDENTIFIER | |
| control field | OCoLC |
| 005 - DATE AND TIME OF LATEST TRANSACTION | |
| control field | 20181213115803.0 |
| 008 - FIXED-LENGTH DATA ELEMENTS--GENERAL INFORMATION | |
| fixed length control field | 040312s2004 ilua b 000 0 eng |
| 010 ## - LIBRARY OF CONGRESS CONTROL NUMBER | |
| LC control number | 2004005986 |
| 020 ## - INTERNATIONAL STANDARD BOOK NUMBER | |
| International Standard Book Number | 0842336222 (hc) |
| 020 ## - INTERNATIONAL STANDARD BOOK NUMBER | |
| International Standard Book Number | 9780842336222 (hc) |
| 020 ## - INTERNATIONAL STANDARD BOOK NUMBER | |
| International Standard Book Number | 9781414313634 (pbk.) |
| 020 ## - INTERNATIONAL STANDARD BOOK NUMBER | |
| International Standard Book Number | 1414313632 (pbk.) |
| 020 ## - INTERNATIONAL STANDARD BOOK NUMBER | |
| International Standard Book Number | 1414302819 |
| 020 ## - INTERNATIONAL STANDARD BOOK NUMBER | |
| International Standard Book Number | 9781414302812 |
| 035 ## - SYSTEM CONTROL NUMBER | |
| System control number | (OCoLC)54774933 |
| Canceled/invalid control number | (OCoLC)122938330 |
| -- | (OCoLC)224175051 |
| 040 ## - CATALOGING SOURCE | |
| Original cataloging agency | DLC |
| Language of cataloging | eng |
| Transcribing agency | DLC |
| Modifying agency | BAKER |
| -- | BTCTA |
| -- | YDXCP |
| -- | OCLCG |
| -- | FHP |
| -- | JFN |
| -- | AU@ |
| -- | OCLCQ |
| 042 ## - AUTHENTICATION CODE | |
| Authentication code | pcc |
| 050 00 - LIBRARY OF CONGRESS CALL NUMBER | |
| Classification number | HQ772 |
| Item number | .D58 2004 |
| 082 00 - DEWEY DECIMAL CLASSIFICATION NUMBER | |
| Classification number | 649.1 |
| Edition number | 22 |
| Item number | D635N |
| 092 ## - LOCALLY ASSIGNED DEWEY CALL NUMBER (OCLC) | |
| Classification number | 649.1 |
| Item number | D6355a |
| 100 1# - MAIN ENTRY--PERSONAL NAME | |
| Personal name | Dobson, James C., |
| Dates associated with a name | 1936- |
| 245 14 - TITLE STATEMENT | |
| Title | The new strong-willed child : |
| Remainder of title | birth through adolescence / |
| Statement of responsibility, etc. | James Dobson. |
| 260 ## - PUBLICATION, DISTRIBUTION, ETC. | |
| Place of publication, distribution, etc. | Wheaton, Ill. : |
| Name of publisher, distributor, etc. | Tyndale House Publishers, |
| Date of publication, distribution, etc. | c2004. |
| 300 ## - PHYSICAL DESCRIPTION | |
| Extent | xii, 219 p. : |
| Other physical details | ill. ; |
| Dimensions | 24 cm. |
| 500 ## - GENERAL NOTE | |
| General note | Rev. ed. of: The strong-willed child, 1978. |
| 504 ## - BIBLIOGRAPHY, ETC. NOTE | |
| Bibliography, etc. note | Includes bibliographical references (p. 215-219). |
| 505 0# - FORMATTED CONTENTS NOTE | |
| Formatted contents note | The wild & woolly will -- Mothers share their stories -- What makes them the way they are? -- Shaping the will -- Protecting the spirit -- The most common mistake -- Gearing discipline to the needs of children -- Corporal punishment & the strong-willed child -- Bitter brothers & surly sisters -- The strong-willed adolescent -- Dealing with the ADHD child -- A final word of encouragement. |
| 520 ## - SUMMARY, ETC. | |
| Summary, etc. | Provides a child-rearing guide for difficult-to-handle children and is intended for parents needing help with sibling rivalry, ADHD, low self esteem, and other birth-adolescent issues. |
| 650 #0 - SUBJECT ADDED ENTRY--TOPICAL TERM | |
| Topical term or geographic name entry element | Child rearing. |
| 650 #0 - SUBJECT ADDED ENTRY--TOPICAL TERM | |
| Topical term or geographic name entry element | Discipline of children. |
| 650 #0 - SUBJECT ADDED ENTRY--TOPICAL TERM | |
| Topical term or geographic name entry element | Child psychology. |
| 700 12 - ADDED ENTRY--PERSONAL NAME | |
| Personal name | Dobson, James C., |
| Dates associated with a name | 1936- |
| Title of a work | Strong-willed child. |
| 942 ## - ADDED ENTRY ELEMENTS (KOHA) | |
| Source of classification or shelving scheme | Dewey Decimal Classification |
| Koha item type | Books |
| Withdrawn status | Lost status | Source of classification or shelving scheme | Damaged status | Not for loan | Collection code | Home library | Current library | Shelving location | Date acquired | Cost, normal purchase price | Total Checkouts | Full call number | Barcode | Date last seen | Price effective from | Koha item type |
|---|---|---|---|---|---|---|---|---|---|---|---|---|---|---|---|---|
| Dewey Decimal Classification | Non-fiction | Harvest Mission College | Harvest Mission College | General Stacks | 13.12.2018 | 860.00 | 649.1 D635N | 005418 | 13.12.2018 | 13.12.2018 | Books | |||||
| Dewey Decimal Classification | Non-fiction | Harvest Mission College | Harvest Mission College | General Stacks | 18.06.2026 | 649.1 D635N | 013505 | 18.06.2026 | 18.06.2026 | Books |
